000 01152cam a22002771i 4500
003 SA-RiAUC
005 20251120132631.0
008 251019s1994 ||| g 000 0 ara c
040 _aJO-MaAABU
_bara
_cSA-RiAUC
_erda
050 0 4 _bH3264 1994
082 0 4 _a213
090 _a213
_bع ب د ل
100 1 _aعبد الله الحداد، عبد الله بن علوي بن محمد،
_d1044-1132 هجري
_eمؤلف.
245 1 2 _aالنصائح الدينية والوصايا الإيمانية /
_cالحبيب عبد الله بن علوي الحداد الضرمي الشافعي.
250 _aالطبعة الثانية.
264 1 _a[مكان النشر غير محدد] :
_bدار الحاوي،
_c1994
300 _a365 صفحة.؛
_c23 سم
336 _aنص
_btxt
_2rdacontent
_3كتاب
337 _aبدون وسيط
_bn
_2rdamedia
338 _aمجلد
_bnc
_2rdacarrier
490 0 _aسلسلة كتب الإمام الحداد ؛
_v1
650 7 _aالوعظ والإرشاد
_2aucsh
650 7 _aالدعوة الإسلامية
_2aucsh
942 _2ddc
_cBOOK
_n0
949 _aSA-JeALM
_d251019
_umohamedma123
_n1
999 _c13380
_d13380